000 00689nam a2200193Ia 4500
008 151119s9999||||xx |||||||||||||| ||und||
082 _a81
082 _bGKKV9827
100 _aगांधी महात्मा
245 _aमहात्मा गांधीचा दैनंदिन विचार
260 _a--
260 _b--
260 _c0
600 _aगांधी महात्मा
630 _aमहात्मा गांधीचा दैनंदिन विचार
700 _aगांधी महात्मा
730 _aमहात्मा गांधीचा दैनंदिन विचार
942 _cBOOK
999 _c1064059
_d1064056